000 00680ntaaa2200217 4500
003 01
005 20251027201848.0
008 0714s1973 ag 01
040 _aAR-BaBN
_bspa
_cAR-BaBN
_eaacr
_dRIC
082 _a248.1200 Sch1p
100 _aSchaeffer, Francis A
_95200
245 _aPolución y la muerte del hombre
250 _a1 ed.
260 _aEl Paso :
_bCasa Bautista de Publicaciones,
_cc1973
300 _a112 p ;
_c19 cm
500 _aEl problema de la contaminación ambiental visto a través de la Biblia y sus consejos.
650 _aecología
_96321
650 _acontaminación ambiental
_917100
650 _amayordomía de la creacion
_913888
942 _cBK
999 _c13292
_d13292